|
|
|
|
| LEADER |
01357nam a2200325 a 4500 |
| 001 |
28713 |
| 003 |
BD-DhAAL |
| 005 |
20141230104243.0 |
| 008 |
141230s1999 nyub b 000 1 eng |
| 010 |
|
|
|a 98008066
|
| 020 |
|
|
|a 039397281X
|
| 040 |
|
|
|a DLC
|c DLC
|d DLC
|d BD-DhAAL
|
| 041 |
1 |
|
|a eng
|h spa
|
| 050 |
0 |
0 |
|a PQ6329
|b .A2 1999b
|
| 082 |
0 |
0 |
|a 863/.3
|2 21
|
| 100 |
2 |
|
|a Cervantes Saavedra, Miguel de,
|d 1547-1616.
|9 7003
|
| 240 |
1 |
0 |
|a Don Quixote.
|l English
|
| 245 |
1 |
0 |
|a Don Quijote :
|b a new translation, backgrounds and contexts, criticism /
|c Miguel de Cervantes ; translated by Burton Raffel ; edited by Diana de Armas Wilson.
|
| 250 |
|
|
|a A norton criticl edition
|
| 260 |
|
|
|a New York :
|b W.W. Norton,
|c c1999.
|
| 300 |
|
|
|a xviii, 858 p. :
|b maps ;
|c 24 cm.
|
| 490 |
0 |
|
|a A Norton critical edition
|
| 504 |
|
|
|a Includes bibliographical references (p. 857-858).
|
| 541 |
|
|
|e 28713
|
| 600 |
2 |
0 |
|a Cervantes Saavedra, Miguel de,
|d 1547-1616.
|t Don Quixote.
|9 7004
|
| 700 |
1 |
|
|a Raffel, Burton.
|9 7005
|
| 700 |
1 |
|
|a Wilson, Diana de Armas,
|d 1934-
|9 7006
|
| 942 |
|
|
|2 ddc
|c BK
|
| 999 |
|
|
|c 33356
|d 33356
|
| 952 |
|
|
|0 0
|1 0
|2 ddc
|4 0
|6 863_300000000000000_CER
|7 0
|9 44554
|a BRACUL
|b BRACUL
|c GEN
|d 2014-12-30
|e BRAC Institute of Language (BIL)
|l 6
|m 47
|o 863.3 CER
|p 3010028713
|q 2026-02-26
|r 2025-04-15
|s 2025-04-15
|t 1
|w 2014-12-30
|y BK
|x Transferred from BIL to BRACUL on 06/06/22
|